[Event "Oberliga Ost-A 1819"]
[Site "Germany"]
[Date "2019.03.24"]
[Round "9.5"]
[White "Hutsch, Oliver"]
[Black "Floeter, Frank"]
[Result "1-0"]
[WhiteElo "2135"]
[BlackElo "2135"]
[PlyCount "79"]
[EventDate "2018.10.21"]
[EventType "team-tourn"]
[EventRounds "11"]
[EventCountry "GER"]
[SourceTitle "EXT 2020"]
[Source "ChessBase"]
[SourceDate "2019.10.17"]
[SourceVersion "1"]
[SourceVersionDate "2019.10.17"]
[SourceQuality "1"]
[WhiteTeam "Dresden Gruen Weiss"]
[BlackTeam "Aue Nickelhuette II"]
[WhiteTeamCountry "GER"]
[BlackTeamCountry "GER"]

1. d4 Nf6 2. c4 g6 3. g3 c6 4. Bg2 d5 5. Nf3 Bg7 6. 0-0 0-0 7. Nbd2 Bf5 8. Ne5 Ng4 9. cxd5 Nxe5 10. dxe5 Bxe5 11. Nc4 Bg7 12. e4 Bd7 13. Bf4 Re8 14. Qd2 Na6 15. Rfd1 Bg4 16. f3 cxd5 17. exd5 Bd7 18. Rac1 Rc8 19. Be3 b6 20. b3 Nc5 21. g4 Nb7 22. Bd4 f6 23. h3 b5 24. Nb2 a6 25. Nd3 Rxc1 26. Rxc1 Qb8 27. Nf2 Rc8 28. Re1 Kf7 29. Qe3 Bf8 30. Ne4 Rc2 31. Re2 Rxe2 32. Qxe2 Qc7 33. Qd2 Bc8 34. Bf1 Bg7 35. Kg2 Bf8 36. a4 bxa4 37. bxa4 Bd7 38. Bxa6 Na5 39. Qa2 Bh6 40. d6+ 1-0

[Event "Oberliga Ost-A 1819"]
[Site "Germany"]
[Date "2019.03.23"]
[Round "8.5"]
[White "Floeter, Frank"]
[Black "Oehl, Tim"]
[Result "1/2-1/2"]
[WhiteElo "2135"]
[BlackElo "2138"]
[PlyCount "41"]
[EventDate "2018.10.21"]
[EventType "team-tourn"]
[EventRounds "11"]
[EventCountry "GER"]
[SourceTitle "EXT 2020"]
[Source "ChessBase"]
[SourceDate "2019.10.17"]
[SourceVersion "1"]
[SourceVersionDate "2019.10.17"]
[SourceQuality "1"]
[WhiteTeam "Aue Nickelhuette II"]
[BlackTeam "Dresden USV TU II"]
[WhiteTeamCountry "GER"]
[BlackTeamCountry "GER"]

1. d4 e6 2. c4 f5 3. Nc3 Nf6 4. e3 b6 5. Bd3 Bb7 6. f3 c5 7. Nge2 Be7 8. 0-0 Nc6 9. d5 Ne5 10. Bb1 Nxc4 11. dxe6 d5 12. Qa4+ Kf8 13. Bxf5 g6 14. Bh3 a6 15. Rd1 b5 16. Qc2 Qc7 17. b3 Nb6 18. e4 d4 19. e5 Nfd5 20. Bh6+ Ke8 21. Nxd5 1/2-1/2

[Event "Oberliga Ost-A 1819"]
[Site "Germany"]
[Date "2019.02.03"]
[Round "7.6"]
[White "Schuetze, Norman"]
[Black "Floeter, Frank"]
[Result "1-0"]
[WhiteElo "2272"]
[BlackElo "2135"]
[PlyCount "51"]
[EventDate "2018.10.21"]
[EventType "team-tourn"]
[EventRounds "11"]
[EventCountry "GER"]
[SourceTitle "EXT 2020"]
[Source "ChessBase"]
[SourceDate "2019.10.17"]
[SourceVersion "1"]
[SourceVersionDate "2019.10.17"]
[SourceQuality "1"]
[WhiteTeam "Loeberitz"]
[BlackTeam "Aue Nickelhuette II"]
[WhiteTeamCountry "GER"]
[BlackTeamCountry "GER"]

1. e4 Nf6 2. e5 Nd5 3. d4 d6 4. Nf3 dxe5 5. Nxe5 c6 6. Be2 Nd7 7. Nf3 N7b6 8. c4 Nf6 9. h3 h6 10. Bd3 e6 11. 0-0 c5 12. Be3 cxd4 13. Bxd4 Be7 14. Nc3 0-0 15. Qe2 Nbd7 16. Rfd1 Qa5 17. a3 Qh5 18. Ne4 g6 19. Ng3 Qa5 20. b4 Qc7 21. Ne5 Re8 22. Rac1 b6 23. c5 bxc5 24. bxc5 Nxe5 25. Bxe5 Qa5 26. Bxf6 1-0

[Event "Oberliga Ost-A 1819"]
[Site "Germany"]
[Date "2018.11.10"]
[Round "2.7"]
[White "Floeter, Frank"]
[Black "Fasshauer, Jacob"]
[Result "1-0"]
[WhiteElo "2135"]
[BlackElo "2056"]
[PlyCount "81"]
[EventDate "2018.10.21"]
[EventType "team-tourn"]
[EventRounds "11"]
[EventCountry "GER"]
[SourceTitle "EXT 2020"]
[Source "ChessBase"]
[SourceDate "2019.10.17"]
[SourceVersion "1"]
[SourceVersionDate "2019.10.17"]
[SourceQuality "1"]
[WhiteTeam "Aue Nickelhuette II"]
[BlackTeam "Leipzig SG II"]
[WhiteTeamCountry "GER"]
[BlackTeamCountry "GER"]

1. d4 Nf6 2. c4 e6 3. Nf3 Bb4+ 4. Nbd2 0-0 5. e3 b6 6. Bd3 Bb7 7. 0-0 Bxd2 8. Nxd2 d6 9. Qc2 Nbd7 10. b3 Qe7 11. Bb2 Rfd8 12. e4 e5 13. d5 Nh5 14. g3 Qg5 15. Nf3 Qg4 16. Be2 Nf4 17. Bd1 Nh3+ 18. Kh1 Nf6 19. Ng1 Qd7 20. Bf3 Nxg1 21. Kxg1 Rf8 22. Bg2 Rae8 23. Rae1 Qe7 24. b4 Nd7 25. Rc1 Ra8 26. Bh3 a5 27. a3 Rfe8 28. Kg2 Bc8 29. Rfe1 axb4 30. axb4 Nb8 31. Ra1 Bxh3+ 32. Kxh3 Nd7 33. Kg2 Qg5 34. Bc1 Rxa1 35. Bxg5 Rxe1 36. Qa4 Nf6 37. Bxf6 Rb8 38. Bg5 b5 39. Qa7 Re8 40. Qxc7 Rxe4 41. c5 1-0

[Event "Oberliga Ost-A 1718"]
[Site "Germany"]
[Date "2018.04.15"]
[Round "11.6"]
[White "Verhulst, Nikolaas"]
[Black "Floeter, Frank"]
[Result "0-1"]
[WhiteElo "2070"]
[BlackElo "2123"]
[PlyCount "144"]
[EventDate "2017.10.22"]
[EventType "team-tourn"]
[EventRounds "11"]
[EventCountry "GER"]
[SourceTitle "EXT 2019"]
[Source "ChessBase"]
[SourceDate "2018.10.10"]
[SourceVersion "1"]
[SourceVersionDate "2018.10.10"]
[SourceQuality "1"]
[WhiteTeam "Dresden USV TU II"]
[BlackTeam "Aue Nickelhuette II"]
[WhiteTeamCountry "GER"]
[BlackTeamCountry "GER"]

1. e4 Nf6 2. Nc3 d5 3. exd5 Nxd5 4. Bc4 e6 5. Nf3 Be7 6. 0-0 0-0 7. d4 b6 8. Ne4 Bb7 9. Re1 h6 10. Ne5 Nd7 11. c3 N5f6 12. Nxf6+ Nxf6 13. Qc2 Bd5 14. Bd3 c5 15. c4 Bb7 16. dxc5 Bxc5 17. Bf4 Nh5 18. Rad1 Qf6 19. Bc1 Rfd8 20. Nd7 Qe7 21. Nxc5 Qxc5 22. a3 Nf6 23. Bf4 Qc6 24. f3 Qe8 25. b4 Rac8 26. Qb3 a6 27. Be5 Bc6 28. Qb2 Qe7 29. Bc2 Ne8 30. Bb3 Rxd1 31. Rxd1 Rd8 32. Rxd8 Qxd8 33. Qd4 Qxd4+ 34. Bxd4 b5 35. Be5 Kf8 36. Kf2 Ke7 37. Ke3 f6 38. Bb8 e5 39. g3 Kd7 40. cxb5 axb5 41. f4 Kc8 42. Ba7 Nd6 43. Bc5 Kd7 44. Kd3 Be4+ 45. Kc3 Bc6 46. Bd1 Ne4+ 47. Kb3 Bd5+ 48. Kb2 Nxc5 49. bxc5 Kc6 50. a4 b4 51. Be2 Kxc5 52. a5 exf4 53. gxf4 g5 54. fxg5 hxg5 55. Bd3 Be6 56. a6 Kb6 57. Bf1 f5 58. Kc2 Bc8 59. a7 Bb7 60. Kb3 Kc5 61. Bc4 f4 62. Bf1 Bd5+ 63. Ka4 b3 64. Ka3 Kd4 65. Kb2 f3 66. Bh3 Ke3 67. Be6 Ba8 68. Kxb3 Kf2 69. Kc4 Kg1 70. Kd4 f2 71. Bc4 Kxh2 72. Ke5 g4 0-1

[Event "Oberliga Ost-A 1718"]
[Site "Germany"]
[Date "2017.12.10"]
[Round "4.7"]
[White "Floeter, Frank"]
[Black "Schuh, Ruediger"]
[Result "1/2-1/2"]
[WhiteElo "2123"]
[BlackElo "2090"]
[PlyCount "23"]
[EventDate "2017.10.22"]
[EventType "team-tourn"]
[EventRounds "11"]
[EventCountry "GER"]
[SourceTitle "EXT 2019"]
[Source "ChessBase"]
[SourceDate "2018.10.10"]
[SourceVersion "1"]
[SourceVersionDate "2018.10.10"]
[SourceQuality "1"]
[WhiteTeam "Aue Nickelhuette II"]
[BlackTeam "Hoyerswerda"]
[WhiteTeamCountry "GER"]
[BlackTeamCountry "GER"]

1. d4 Nf6 2. c4 c5 3. d5 g6 4. Nc3 Bg7 5. Nf3 0-0 6. Bg5 d6 7. Nd2 Na6 8. e4 Nc7 9. Be2 a6 10. a4 Rb8 11. f4 Bd7 12. a5 1/2-1/2

[Event "Oberliga Ost-A 1516"]
[Site "Germany"]
[Date "2016.03.13"]
[Round "9.6"]
[White "Matthey, Harald"]
[Black "Floeter, Frank"]
[Result "1/2-1/2"]
[WhiteElo "2150"]
[BlackElo "2130"]
[PlyCount "21"]
[EventDate "2015.09.20"]
[EventType "team-tourn"]
[EventRounds "11"]
[EventCountry "GER"]
[SourceTitle "EXT 2017"]
[Source "ChessBase"]
[SourceDate "2016.10.25"]
[SourceVersion "1"]
[SourceVersionDate "2016.10.25"]
[SourceQuality "1"]
[WhiteTeam "Loeberitz"]
[BlackTeam "Aue Nickelhuette II"]
[WhiteTeamCountry "GER"]
[BlackTeamCountry "GER"]

1. d4 Nf6 2. c4 g6 3. Nf3 Bg7 4. Nc3 d5 5. h4 c5 6. h5 cxd4 7. h6 Bf8 8. Nxd5 Nxd5 9. cxd5 Qxd5 10. Qxd4 Qxd4 11. Nxd4 1/2-1/2

[Event "Oberliga Ost-A 1516"]
[Site "Germany"]
[Date "2015.12.13"]
[Round "5.5"]
[White "Floeter, Frank"]
[Black "Gungl, Theo"]
[Result "1/2-1/2"]
[WhiteElo "2130"]
[BlackElo "2131"]
[PlyCount "49"]
[EventDate "2015.09.20"]
[EventType "team-tourn"]
[EventRounds "11"]
[EventCountry "GER"]
[SourceTitle "EXT 2017"]
[Source "ChessBase"]
[SourceDate "2016.10.25"]
[SourceVersion "1"]
[SourceVersionDate "2016.10.25"]
[SourceQuality "1"]
[WhiteTeam "Aue Nickelhuette II"]
[BlackTeam "Dresden TU II"]
[WhiteTeamCountry "GER"]
[BlackTeamCountry "GER"]

1. d4 d5 2. Nf3 Nf6 3. c4 c6 4. e3 e6 5. Nc3 Nbd7 6. Bd3 dxc4 7. Bxc4 b5 8. Be2 Bb7 9. 0-0 a6 10. e4 c5 11. d5 exd5 12. Nxd5 Nxd5 13. exd5 Bd6 14. a4 b4 15. Qc2 0-0 16. Rd1 h6 17. g3 Nb6 18. Qf5 Qc8 19. Qh5 Re8 20. Be3 Nd7 21. Nh4 Nf6 22. Qf3 Re5 23. Bc4 Ne4 24. Bf4 Ng5 25. Bxg5 1/2-1/2

[Event "Oberliga Ost-A 1314"]
[Site "Germany"]
[Date "2014.04.05"]
[Round "10.8"]
[White "Hansch, Torsten"]
[Black "Floeter, Frank"]
[Result "1-0"]
[WhiteElo "2116"]
[BlackElo "2173"]
[PlyCount "57"]
[EventDate "2013.10.13"]
[EventType "team-tourn"]
[EventRounds "11"]
[EventCountry "GER"]
[SourceTitle "EXT 2015"]
[Source "ChessBase"]
[SourceDate "2014.11.20"]
[SourceVersion "1"]
[SourceVersionDate "2014.11.20"]
[SourceQuality "1"]
[WhiteTeam "Magdeburg Rochade"]
[BlackTeam "Aue Nickelhuette II"]
[WhiteTeamCountry "GER"]
[BlackTeamCountry "GER"]

1. d4 Nf6 2. c4 g6 3. Nc3 d5 4. Nf3 Bg7 5. e3 0-0 6. Qb3 c6 7. Bd2 e6 8. Bd3 Nbd7 9. 0-0 b6 10. cxd5 exd5 11. e4 Bb7 12. e5 Ne8 13. Bg5 f6 14. exf6 Bxf6 15. Ne4 Bxg5 16. Nexg5 Qf6 17. Rae1 Ng7 18. Re3 Kh8 19. Rfe1 Rfe8 20. h4 Rxe3 21. Rxe3 Re8 22. Ne5 Nxe5 23. dxe5 Qe7 24. Qc2 Ne6 25. Bxg6 hxg6 26. Qxg6 Nxg5 27. hxg5 Bc8 28. e6 Bxe6 29. g4 1-0

[Event "BL2-Ost 0708"]
[Site "Germany"]
[Date "2008.03.09"]
[Round "7.8"]
[White "Floeter, Frank"]
[Black "Linhart, Wolfgang"]
[Result "1/2-1/2"]
[WhiteElo "2181"]
[BlackElo "2231"]
[PlyCount "24"]
[EventDate "2007.10.21"]
[EventType "team-tourn"]
[EventRounds "9"]
[EventCountry "GER"]
[SourceTitle "EXT 2009"]
[Source "ChessBase"]
[SourceDate "2008.11.26"]
[SourceVersion "1"]
[SourceVersionDate "2008.11.26"]
[SourceQuality "1"]
[WhiteTeam "Aue Nickelhuette"]
[BlackTeam "Passau"]
[WhiteTeamCountry "GER"]
[BlackTeamCountry "GER"]

1. d4 Nf6 2. c4 g6 3. Nc3 d5 4. cxd5 Nxd5 5. Bd2 Bg7 6. e4 Nxc3 7. Bxc3 0-0 8. Qd2 c6 9. Rd1 Nd7 10. Bc4 Nf6 11. f3 Bd7 12. Ne2 Qc7 1/2-1/2

[Event "Oberliga Ost-A 0405"]
[Site "Germany"]
[Date "2004.11.28"]
[Round "4.7"]
[White "Floeter, Frank"]
[Black "Erbs, Susan"]
[Result "1-0"]
[WhiteElo "2173"]
[BlackElo "2002"]
[PlyCount "135"]
[EventDate "2004.10.10"]
[EventType "team-tourn"]
[EventRounds "11"]
[EventCountry "GER"]
[SourceTitle "EXT 2006"]
[Source "ChessBase"]
[SourceDate "2005.11.24"]
[SourceVersion "1"]
[SourceVersionDate "2005.11.24"]
[SourceQuality "1"]
[WhiteTeam "Aue Nickelhuette"]
[BlackTeam "Magdeburg Aufbau Elbe"]
[WhiteTeamCountry "GER"]
[BlackTeamCountry "GER"]

1. d4 d6 2. Nf3 g6 3. c4 Bg7 4. Nc3 Nc6 5. h3 e5 6. e3 f5 7. Be2 Nf6 8. d5 Ne7 9. b3 0-0 10. Bb2 a6 11. Qc2 Kh8 12. Rd1 Rb8 13. 0-0 Qe8 14. a4 h6 15. c5 Qf7 16. cxd6 cxd6 17. Ba3 Rd8 18. Bc4 g5 19. Nxe5 dxe5 20. d6 Be6 21. dxe7 Re8 22. Qxf5 Bxc4 23. bxc4 Qxc4 24. Bd6 Rbc8 25. Rc1 Rc6 26. Rfd1 Qb3 27. Bxe5 Qb4 28. Rb1 Qxe7 29. Bd4 Rec8 30. Nd5 Nxd5 31. Qxd5 Bxd4 32. Qxd4+ Kg8 33. Qd5+ Kf8 34. Qf5+ Ke8 35. Qd5 Kf8 36. Qf5+ Ke8 37. Qd5 Kf8 38. Qd4 Rf6 39. Qd7 Rc7 40. Qxe7+ Rxe7 41. Rd8+ Kg7 42. Rb8 Rff7 43. Rb6 Rc7 44. f3 h5 45. h4 gxh4 46. Kh2 Rc4 47. R8xb7 Rxa4 48. Rxf7+ Kxf7 49. Rh6 Ra5 50. Kh3 Kg7 51. Rc6 Ra2 52. Kxh4 a5 53. Ra6 Rxg2 54. Rxa5 Kg6 55. e4 Rh2+ 56. Kg3 Rh1 57. Ra6+ Kg7 58. Kf4 Rg1 59. Kf5 h4 60. Ra2 Kh6 61. f4 h3 62. Ra3 Rh1 63. e5 Kh5 64. e6 Kh4 65. Re3 Ra1 66. e7 h2 67. e8Q Ra5+ 68. Re5 1-0